000 00368pab a2200145 454500
008 180718b1987 xxu||||| |||| 00| 0 eng d
100 _aRay, Ranjan
245 _aOn calculating the cost of living index in India
260 _c1987
300 _a998-1000
362 _a20 June
650 _aPrice - India
773 _aEconomic and Political Weekly
909 _a16111
999 _c16111
_d16111